صا لحين کر ا م کے د لچسپ اور ا يما ن ا فر و ذ وا قعا ت (Record no. 69871)

MARC details
000 -LEADER
fixed length control field 02126nam a22002777a 4500
005 - DATE AND TIME OF LATEST TRANSACTION
control field 2012050800420.0
010 ## - LCCN (DPL NO)
LC control number B-472428-31 B-483278
020 ## - INTERNATIONAL STANDARD BOOK NUMBER
International Standard Book Number 130-00
035 ## - SYSTEM CONTROL NUMBER
System control number B-472428-31 B-483278
037 ## - SOURCE OF ACQUISITION
Source of stock number/acquisition BPPD
082 ## - DEWEY DECIMAL CLASSIFICATION NUMBER
Classification number ک
100 ## - MAIN ENTRY--PERSONAL NAME
Personal name مو لف؛ اپو مسعو د عپد الجپا ر سلفی
245 ## - TITLE STATEMENT
Title صا لحين کر ا م کے د لچسپ اور ا يما ن ا فر و ذ وا قعا ت
Statement of responsibility, etc مو لف؛اپو مسعو د عپد الجپا ر سلفی
Medium
246 ## - VARYING FORM OF TITLE
Title proper/short title صا لحيں کر ا م کے دلچسپ اور افر وذ وا قعا ت
260 ## - PUBLICATION, DISTRIBUTION, ETC. (IMPRINT)
Place of publication, distribution, etc نئ دھلی
Name of publisher, distributor, etc ا ر يب پبليکيشنز
Date of publication, distribution, etc 2011
270 ## - ADDRESS
Address 1542،پٹو دی ہا ؤس د ر يا گنج
City نئ دھلی
Postal code 110002
300 ## - PHYSICAL DESCRIPTION
Extent 280ص
Dimensions 20 Cm.(Pb)
942 ## - ADDED ENTRY ELEMENTS (KOHA)
Source of classification or shelving scheme Dewey Decimal Classification
Item type Urdu Bks
Classification part ک
Call number suffix ص ا ل
Holdings
Withdrawn status Lost status Not for loan Collection code Home library Current library Date acquired Source of acquisition Cost, normal purchase price Full call number Barcode Copy number Cost, replacement price Koha item type
      Fiction Central Library Central Library 11/09/2012 Allied Pub./B No2012/cr/01/dt.30-03-2012/Order No/DPL/BPPD/01/2011-12/Dt.20.03.2012 130.00 ک ص ا ل B-472428 1 130.00 Urdu Bks
      Fiction Karol Bagh Karol Bagh 11/09/2012 Allied Pub./B No2012/cr/01/dt.30-03-2012/Order No/DPL/BPPD/01/2011-12/Dt.20.03.2012 130.00 ک ص ا ل B-472430 1   Urdu Bks
      Fiction Mobile Library Mobile Library 01/10/2012 Allied Pub./7/41/121/20.03.12/cr/02/17.04.12/19.06.12 130.00 ک ص ا ل B-483278 1 130.00 Urdu Bks
      Fiction Patel Nagar Patel Nagar 11/09/2012 Allied Pub./B No2012/cr/01/dt.30-03-2012/Order No/DPL/BPPD/01/2011-12/Dt.20.03.2012 130.00 ک ص ا ل B-472429 1 130.00 Urdu Bks
      Fiction Shahdara Branch Shahdara Branch 11/09/2012 Allied Pub./B No2012/cr/01/dt.30-03-2012/Order No/DPL/BPPD/01/2011-12/Dt.20.03.2012 130.00 ک ص ا ل B-472431 1 130.00 Urdu Bks

© Delhi Public Library
Hit Counter
free hit counter